| 000 | 01533nam a2200325 i 4500 | ||
|---|---|---|---|
| 001 | 000009935 | ||
| 003 | DO-SdBNP | ||
| 005 | 20250321110624.0 | ||
| 007 | ta | ||
| 008 | 091002s1999 dr 000 0 spa d | ||
| 040 |
_aDO-SdBNP _bspa _cBNPHU _erda |
||
| 041 | _hspa | ||
| 082 |
_axxxx _bC569a _222 |
||
| 245 | 0 | 0 |
_a100 años de poesía : _bHomenaje a Salomé Ureña. |
| 246 | 3 | _aCien años de poesía | |
| 264 |
_aSanto Domingo : _bUASD, _c1999. |
||
| 300 |
_a159 páginas ; _c21 cm. |
||
| 336 |
_ardacontent _btexto _2txt |
||
| 337 |
_ardamedia _bsin mediación _2n |
||
| 338 |
_ardacarrier _bvolumen _2nc |
||
| 490 | 1 |
_aPublicaciones de la Universidad Autónoma de Santo Domingo _v923 |
|
| 490 | 1 |
_aLiteratura y Sociedad _v29 |
|
| 504 | _aIncluye referencias bibliográficas y notas al pie de las páginas | ||
| 505 | 2 | _aPresentación -- Palabras del señor rector -- conferencia de Pedro Mir -- Salomé Ureña, Carmen Durán -- La poesía dominicana y el postumismo / Manuel Mora Serrano -- La generación del 48 en la poesía dominicana / Lupo Hernández Rueda -- 100 años de la poesía dominicana / Tony Raful -- Alatagracia Saviñon / Ylonka Nacidit-Perdomo -- La cultura del libro ante el Siglo XXL / Julio Cuevas -- Ciudad de los escribas / Odalís G. Pérez -- Síntesis del seminario -- Propuestas. | |
| 590 | _aInventariado, 2025/DG | ||
| 830 | 0 |
_aPublicaciones de la Universidad Autónoma de Santo Domingo _nno. 923 _924866 |
|
| 830 | 0 |
_aLiteatura y Sociedad _nn. 28 _924867 |
|
| 910 | _aDG | ||
| 942 |
_2ddc _cLBS1 |
||
| 999 |
_c9694 _d9694 |
||